000
00308 a2200133 4500
001
60984
040
_c
Anchieta - Pituba
240
1
0
_a
The best of Brussels
_l
por
245
1
0
_a
The best of Brussels
300
_a
96
362
0
_a
2006
650
4
_a
Tratamento histórico e geográfico de pessoas
942
_c
BK
999
_c
60984
_d
60984